Southville International School and Colleges
Your cart is empty.
  • Cart
  • Lists
    Public lists Eva Luna New books Lux_list list_1
    Your lists Log in to create your own lists
  • Log in to your account
  • Your cookies
  • Search history
Southville International School and Colleges
  • Advanced search
  • Recent comments
  • Most popular
  • Libraries

Log in to your account

Log in with GOOGLE


If you do not have an external account, but do have a local account, you can still log in:

  1. Home
  2. MARC view: Following rules = Pagsunod sa mga alintuntunin
Normal view MARC view ISBD view

Following rules = Pagsunod sa mga alintuntunin (Record no. 365028)

[ view plain ]
MARC details
000 -LEADER
fixed length control field 00507nam a22001697a 4500
003 - CONTROL NUMBER IDENTIFIER
control field 0
005 - DATE AND TIME OF LATEST TRANSACTION
control field 20230620090138.0
008 - FIXED-LENGTH DATA ELEMENTS--GENERAL INFORMATION
fixed length control field 230619b xxu||||| |||| 00| 0 eng d
020 ## - INTERNATIONAL STANDARD BOOK NUMBER
International Standard Book Number 978-971-9900-28-3
082 ## - DEWEY DECIMAL CLASSIFICATION NUMBER
Classification number Fil. 179.7
Item number .Ma468 2012
245 ## - TITLE STATEMENT
Title Following rules = Pagsunod sa mga alintuntunin
Statement of responsibility, etc Mayer, Cassie
260 ## - PUBLICATION, DISTRIBUTION, ETC. (IMPRINT)
Place of publication, distribution, etc Quezon City
Name of publisher, distributor, etc C&E Publishing, Inc.
Date of publication, distribution, etc C2012
300 ## - PHYSICAL DESCRIPTION
Extent 26pp.
Other physical details col. ill.
Dimensions 19cm.
500 ## - GENERAL NOTE
General note Obedience.
500 ## - GENERAL NOTE
General note Obedience-Juvenile literature.
942 ## - ADDED ENTRY ELEMENTS (KOHA)
Source of classification or shelving scheme Dewey Decimal Classification
Koha item type Books
Holdings
Withdrawn status Lost status Source of classification or shelving scheme Damaged status Home library Current library Shelving location Date acquired Source of acquisition Total Checkouts Full call number Barcode Date last seen Price effective from Koha item type
    Dewey Decimal Classification   Munich Library Munich Library Filipiniana Section 06/19/2023 Library Fund   Fil. 179.7 Ma468 2012 M8400 06/19/2023 06/19/2023 Books

Following rules = Pagsunod sa mga alintuntunin

APA

(2012). Following rules = Pagsunod sa mga alintuntunin. Quezon City: C&E Publishing, Inc.

Chicago

2012. Following rules = Pagsunod sa mga alintuntunin. Quezon City: C&E Publishing, Inc.

Harvard

(2012). Following rules = Pagsunod sa mga alintuntunin. Quezon City: C&E Publishing, Inc.

MLA

Following rules = Pagsunod sa mga alintuntunin. Quezon City: C&E Publishing, Inc. 2012.

  • Place hold
  • Print
  • Cite
  • Add to your cart (remove)
  • Save record
    BIBTEX Dublin Core MARCXML MARC (non-Unicode/MARC-8) MARC (Unicode/UTF-8) MARC (Unicode/UTF-8, Standard) MODS (XML) RIS
  • More searches
    Search for this title in:
    Other Libraries (WorldCat) Other Databases (Google Scholar) Online Stores (Bookfinder.com) Open Library (openlibrary.org)

Exporting to Dublin Core...

SOUTHVILLE LIBRARY

Southville International School and Colleges Library

1281 Tropical Ave. Cor. Luxembourg St., BF Homes International, Las Pinas City

Tel. No. 8256374 / 252358 Loc. 117/146

Powered by Koha